| 000 | 00983nam0a22002771 4500 | ||
|---|---|---|---|
| 001 | rc\823384 | ||
| 005 | 20260406154432.0 | ||
| 035 | _a(NLR Aleph) 006005915 | ||
| 090 |
_a7277628 _c7277628 |
||
| 100 | _a20041129d1983 |||y0rusy50 ca | ||
| 101 | 0 |
_arus _alav |
|
| 102 | _aRU | ||
| 105 | _aa ||||||||| | ||
| 200 | 1 |
_aВ помощь учителю начальных классов _e[Сб. статей _fЛиеп. гос. пед. ин-т им. В. Лациса] |
|
| 210 |
_aRiga _cZvaigzne _d1983 |
||
| 215 |
_a131 с. _cил. _d20 |
||
| 300 | _aПарал. загл. на латыш. яз. | ||
| 300 | _aТекст на рус. и латыш. яз. | ||
| 320 | _aБиблиогр. в конце статей | ||
| 712 | 0 | 2 |
_aЛиепайский педагогический институт им. В. Лациса _3RU\NLR\AUTH\889929808 _9355199 |
| 801 | 0 |
_aRU _bNLR _gpsbo |
|
| 801 | 1 |
_aRU _bELAR _2rusmarc |
|
| 852 |
_aNLR _bОНЛ |
||
| 942 | _cBOOK | ||
| 980 | _aNB | ||